| 000 | 00371 a2200133 4500 | ||
|---|---|---|---|
| 001 | 93267 | ||
| 082 | _aPR 2595 | ||
| 090 |
_c44781 _d44782 |
||
| 100 | _aAhmed Rateb; Prof Mudassir Ahmed & Hassan (Advisors) | ||
| 245 |
_aMultiphase Flow Simulation of Effervescent Injector _n80'A' EC |
||
| 260 |
_aIslamabad _bNUST _c2016 |
||
| 300 | _a47p. | ||
| 500 | _aBE Project Report | ||
| 942 |
_aCAE NUST _kPR 2595 |
||
| 999 |
_c328340 _d328340 |
||